Современные принципы интерпретации факта: рациональная/ иррациональная обусловленность формирования дискурса: монография

Dettagli Bibliografici
Autore principale: Гончаренко М. В. Марк Васильевич
Ente Autore: Национальный исследовательский Томский политехнический университет (ТПУ) Институт социально-гуманитарных технологий (ИСГТ) Кафедра социологии, психологии и права (СОЦ)
Riassunto:Заглавие с титульного экрана
Электронная версия печатной публикации
В монографии рассматриваются вопросы, связанные с формированием современных принципов интерпретации факта в аспекте анархистской теории познания П. Фейерабенда. Представлена концепция дерационализации современного социокультурного дискурса на основании трансформационных процессов интерпретации дихотомии: язык - мир, которая окончательно сложилась в постпозитивистском направлении во второй половине XX в. Предназначена для философов, философов науки, социологов знания, а также для всех интересующихся проблемами методологии науки, философии языка и когнитивной лингвистики.
Режим доступа: из корпоративной сети ТПУ
Lingua:russo
Pubblicazione: Томск, Изд-во ТПУ, 2014
Soggetti:
Accesso online:http://www.lib.tpu.ru/fulltext2/m/2014/m273.pdf
Natura: MixedMaterials Elettronico Libro
KOHA link:https://koha.lib.tpu.ru/cgi-bin/koha/opac-detail.pl?biblionumber=267650

MARC

LEADER 00000nlm0a2200000 4500
001 267650
005 20231101234109.0
035 |a (RuTPU)RU\TPU\book\290722 
090 |a 267650 
100 |a 20140804d2014 k y0rusy50 ca 
101 0 |a rus 
102 |a RU 
105 |a a z 001zy 
135 |a drcn ---uucaa 
181 0 |a i  
182 0 |a b 
200 1 |a Современные принципы интерпретации факта: рациональная/ иррациональная обусловленность формирования дискурса  |b Электронный ресурс  |e монография  |f М. В. Гончаренко  |g Национальный исследовательский Томский политехнический университет (ТПУ) 
203 |a Текст  |c электронный 
210 |a Томск  |c Изд-во ТПУ  |d 2014 
230 |a 1 компьютерный файл (pdf; 910 KB) 
300 |a Заглавие с титульного экрана 
300 |a Электронная версия печатной публикации 
330 |a В монографии рассматриваются вопросы, связанные с формированием современных принципов интерпретации факта в аспекте анархистской теории познания П. Фейерабенда. Представлена концепция дерационализации современного социокультурного дискурса на основании трансформационных процессов интерпретации дихотомии: язык - мир, которая окончательно сложилась в постпозитивистском направлении во второй половине XX в. Предназначена для философов, философов науки, социологов знания, а также для всех интересующихся проблемами методологии науки, философии языка и когнитивной лингвистики. 
333 |a Режим доступа: из корпоративной сети ТПУ 
337 |a Adobe Reader 
452 1 |0 (RuTPU)RU\TPU\book\283536  |y 978-5-4387-0385-3  |t Современные принципы интерпретации факта: рациональная/ иррациональная обусловленность формирования дискурса  |o монография  |f М. В. Гончаренко  |g Национальный исследовательский Томский политехнический университет (ТПУ)  |c Томск  |n Изд-во ТПУ  |d 2014  |p 127 с.  |a Гончаренко, Марк Васильевич 
606 1 |a Рациональность в науке  |2 stltpush  |3 (RuTPU)RU\TPU\subj\24032  |9 48487 
610 1 |a электронный ресурс 
610 1 |a монографии 
610 1 |a труды учёных ТПУ 
610 1 |a философия 
610 1 |a наука 
610 1 |a иррациональность 
610 1 |a научная картина мира 
610 1 |a дискурс 
610 1 |a научные знания 
610 1 |a научное познание 
610 1 |a философские категории 
610 1 |a язык 
686 |a Ю223  |v LBC/SL-A  |2 rubbk 
700 1 |a Гончаренко  |b М. В.  |c специалист в области психологии и педагогики  |c доцент Томского политехнического университета, кандидат философских наук  |f 1973-  |g Марк Васильевич  |2 stltpush  |3 (RuTPU)RU\TPU\pers\31768 
712 0 2 |a Национальный исследовательский Томский политехнический университет (ТПУ)  |b Институт социально-гуманитарных технологий (ИСГТ)  |b Кафедра социологии, психологии и права (СОЦ)  |h 41  |2 stltpush  |3 (RuTPU)RU\TPU\col\18373 
801 1 |a RU  |b 63413507  |c 20140804 
801 2 |a RU  |b 63413507  |c 20160617  |g RCR 
856 4 |u http://www.lib.tpu.ru/fulltext2/m/2014/m273.pdf 
942 |c CF